A gyámi tisztség
Elmentve itt :
| Szerző: | |
|---|---|
| További közreműködők: | |
| Dokumentumtípus: | Disszertáció |
| Megjelent: |
1949
|
| Kulcsszavak: | Jogtudomány |
| Tárgyszavak: | |
| Online Access: | http://doktori.ek.szte.hu/9612 |
| LEADER | 00600nta a2200193 i 4500 | ||
|---|---|---|---|
| 001 | dokt9612 | ||
| 005 | 20240327134751.0 | ||
| 008 | 240327s1949 hu om 0|| hun d | ||
| 040 | |a SZTE Doktori Repozitórium |b hun | ||
| 041 | |a hun | ||
| 100 | 1 | |a Timkó Tibor | |
| 245 | 1 | 2 | |a A gyámi tisztség |h [elektronikus dokumentum] / |c Timkó Tibor |
| 260 | |c 1949 | ||
| 502 | |a Disszertacio | ||
| 650 | 4 | |a állam- és jogtudományok | |
| 650 | 4 | |a Jogtudomány | |
| 695 | |a Jogtudomány | ||
| 700 | 0 | 1 | |a nincs megadva |e ths |
| 856 | 4 | 0 | |u https://doktori.bibl.u-szeged.hu/id/eprint/9612/1/1949_timko_tibor.pdf |z Dokumentum-elérés |